Online
Catalog

Análisis del sistema electoral dominicano y representación política de las mujeres / (Record no. 46056)

MARC details
000 -CABECERA
campo de control de longitud fija 01418nam a2200217 a 4500
001 - NÚMERO DE CONTROL
campo de control 000046567
005 - FECHA Y HORA DE LA ÚLTIMA TRANSACCIÓN
campo de control 20240322191158.0
008 - DATOS DE LONGITUD FIJA--INFORMACIÓN GENERAL
campo de control de longitud fija 150826s2010 dr c 000 0 spa d
040 ## - FUENTE DE LA CATALOGACIÓN
Centro catalogador/agencia de origen DO-SdBNP
Lengua de catalogación spa
Centro/agencia transcriptor BNPHU
100 1# - ENTRADA PRINCIPAL--NOMBRE DE PERSONA
Nombre de persona Espinal, Rosario
Fechas asociadas al nombre 1955-
9 (RLIN) 43869
245 10 - MENCIÓN DE TÍTULO
Título Análisis del sistema electoral dominicano y representación política de las mujeres /
Mención de responsabilidad, etc. Rosario Espinal ; colaboración Sergia Galván; prólogo Yassine Fall.
260 ## - PUBLICACIÓN, DISTRIBUCIÓN, ETC.
Lugar de publicación, distribución, etc. Santo Domingo :
Nombre del editor, distribuidor, etc. r (INSTRAW),
Fecha de publicación, distribución, etc. 2010.
300 ## - DESCRIPCIÓN FÍSICA
Extensión 188 p. :
Otras características físicas ils., gráfs.
500 ## - NOTA GENERAL
Nota general Incluye referencias bibliográficas y notas al pie de las páginas
500 ## - NOTA GENERAL
Nota general Presentado al Instituto Internacional de Investigaciones y Capacitación de las Naciones Unidas para la Promoción de la Muje(UN-INSTRAW), el Programa de Naciones Unidas para el Desarrollo (PNUD) y la Agencia Española de Cooperación Interancional para el Desarrollo (AECiD)
505 0# - NOTA DE CONTENIDO CON FORMATO
Nota de contenido con formato Prólogo -- Resumen ejecutivo -- Introducción -- Mujeres y política: una panorámica -- Partidos políticos y sistema electoral -- Impacto del sistema electoral en la representación política de las mujeres -- Conclusiones y recomendaciones -- Bibliografía
504 ## - NOTA DE BIBLIOGRAFÍA, ETC.
Nota de bibliografía, etc. Bibliografía : p. 179-188
700 12 - PUNTO DE ACCESO ADICIONAL--NOMBRE DE PERSONA
Nombre de persona Galván, Sergia
9 (RLIN) 38245
700 12 - PUNTO DE ACCESO ADICIONAL--NOMBRE DE PERSONA
Nombre de persona Fall, Yassine
9 (RLIN) 74557
710 2# - PUNTO DE ACCESO ADICIONAL--NOMBRE DE ENTIDAD CORPORATIVA
Nombre de entidad corporativa o nombre de jurisdicción como elemento de entrada Instituto Internacional de Investigaciones y Capacitación de las Naciones Unidas para la Promoción de la Muje
9 (RLIN) 74558
Holdings
Estado de retiro Estado de pérdida No para préstamo Código de colección Localización permanente Ubicación/localización actual Ubicación en estantería Fecha de adquisición Número de inventario Total de préstamos Signatura topográfica completa Código de barras Fecha visto por última vez Precio válido a partir de Tipo de ítem Koha Nota pública
    Excluido de préstamo Patrimonio Dominicano Patrimonio Dominicano Patrimonio Dominicano Depósito 26.08.2015 LF1   46567-10 25.06.2020 25.06.2020 Libro y Folleto Colección Patrimonio Dominicano Perteneció a la biblioteca personal de Chiqui Vicioso / Fidelio Despradel.

Powered by Koha